| 000 | 00459nam a22001577a 4500 | ||
|---|---|---|---|
| 003 | OSt | ||
| 008 | 260423b |||||||| |||| 00| 0 eng d | ||
| 082 |
_a634.6 _bR18Y |
||
| 100 | _aKumar, Ranjit | ||
| 245 | _aYield Potential and Physico-Chemical Characteristics of Some Litchi (Litchi Chinesis Sonn.) Varieties. | ||
| 260 |
_aPusa, Samastipur _bRAU _c1999 |
||
| 300 | _a58P. | ||
| 502 |
_bMsc. _d1999 |
||
| 650 | _aFruit and Fruit Technology | ||
| 942 |
_2ddc _cT |
||
| 999 |
_c50120 _d50120 |
||